| 000 | 02336nam0a2200397 i 4500 | ||
|---|---|---|---|
| 001 | RU\NLR\bibl\1930582 | ||
| 005 | 20260408092207.0 | ||
| 010 |
_a9785851276927 _9300 |
||
| 021 |
_aRU _b2012-50838 _93718 |
||
| 035 | _a(nilc)RSL-KNO-005464919 | ||
| 035 | _a(NLR Aleph) 001919939 | ||
| 090 |
_a3292312 _c3292312 |
||
| 100 | _a20120716d2012 k y0rusy50 ca | ||
| 101 | 0 | _arus | |
| 102 | _aRU | ||
| 105 | _aa ||||||||| | ||
| 200 | 1 |
_aАссоциативное измерение системных отношений в лексике _eмонография _f[А.И. Акимова, О.П. Болдина, Н.Д. Голев и др. _gотв. ред. д.филол.н., проф. М.Г. Шкуропацкая] _gМ-во образования и науки РФ, Федер. гос. бюджет. образоват. учреждение высш. проф. образования "Алт. гос. акад. образования им. В.М. Шукшина", Каф. рус. яз., Лаб. междисциплинар. филол. исслед. |
|
| 210 |
_aБийск _cАГАО _d2012 |
||
| 215 |
_a351 с. _cил. _d20 |
||
| 300 | _aАвт. указаны на обороте тит. л. | ||
| 320 | _aБиблиогр.: с. 298-311 (222 назв.) | ||
| 606 | 1 |
_aРусский язык _xСемантика _91559247 _3RU\NLR\auth\66982287 |
|
| 686 |
_aШ141.2-32,0 _2rubbk |
||
| 686 | _aШ141.12-32 | ||
| 701 | 1 |
_4070 _7ca _8rus _aАкимова _bА. И. _cканд. филол. наук _gАлла Ивановна _9129732 _3RU\NLR\AUTH\770129763 |
|
| 701 | 1 |
_aБолдина _bО. П. _gОльга Павловна _4070 |
|
| 701 | 1 |
_aГолев _bН. Д. _gНикита Данилович _4070 |
|
| 702 | 1 |
_aШкуропацкая _bМ. Г. _gМарина Геннадьевна _4340 |
|
| 712 | 0 | 2 |
_4570 _aАлтайская государственная академия образования им. В. М. Шукшина _cБийск _bКафедра русского языка _bЛаборатория междисциплинарных филологических исследований _3RU\NLR\AUTH\8810231563 _9348107 |
| 801 | 0 |
_aRU _bRuMoRKP _c20120716 _grcr |
|
| 801 | 1 |
_aRU _bРГБ _c20120716 |
|
| 801 | 2 |
_aRU _bNLR _c20120801 _grcr |
|
| 830 | _aвсе по ЭК | ||
| 942 | _cBOOK | ||
| 980 | _aNBR | ||